| 000 | 00000nam##2200000za#4500 |
| 001 | 9.642177 |
| 003 | CaOODSP |
| 005 | 20210624223557 |
| 007 | cr ||||||||||| |
| 008 | 150407|1998||||xxc|||||o f|0| 0 fre|d |
| 040 | |aCaOODSP|bfre |
| 043 | |an-cn--- |
| 086 | 1 |aRH64-110/1998F-PDF |
| 110 | 1 |aCanada.|bDéveloppement des ressources humaines Canada. |bPolitique stratégique. |
| 245 | 10|aInitiative stratégique de l'information sur le marché du travail (IMT) - évaluation formative / |h[ressource électronique]|c[par] Évaluation et développement des données, Politique stratégique, Développement des ressources humaines Canada et Ministère de l'Enseignement postsecondaire et de la Formation professionnelle de la Saskatchewan. |
| 260 | |aOttawa - Ontario : |bDéveloppement des ressources humaines Canada. |cAvril 1998. |
| 300 | |a70p.|borganigrammes, tableaux |
| 590 | |a13-18-Supp|b2013-08-01 |
| 691 | 07|aAccord fédéral-provincial|2gcpds |
| 691 | 07|aMarché du travail|2gcpds |
| 775 | 08|tLabour market information strategic initiatives program - formative evaluation / |w(CaOODSP)9.698185 |
| 856 | 40|ahttp://publications.gc.ca|qPDF|s200 Ko|uhttps://publications.gc.ca/collections/collection_2013/rhdcc-hrsdc/RH64-110-1998-fra.pdf |
| 986 | |aSP-AH077F-04-98 |